000 00833nam a2200253 4500
001 73920
003 BD-RjUL
005 20211209082449.0
008 170615s1987 caua b 001 0 eng d
020 _a0935702512
035 _a(BD-RjUL)
040 _aDLC
_cDLC
_beng
041 _aeng
082 0 0 _a547.056
_223
_bPRI 1987
245 0 0 _aPrinciples and applications of organotransition metal chemistry /
_cJames P. Collman ... [et al.].
260 _aMill Valley, Calif. :
_bUniversity Science Books,
_cc1987.
300 _ax, 989 p. :
_bill. ;
_c25 cm.
504 _aIncludes bibliographical references and index.
650 0 _aOrganotransition metal compounds.
_9218955
650 0 _aOrganometallic compounds
_9218956
700 1 _aCollman, James Paddock,
_d1932-
_932171
942 _2ddc
_cBK
999 _c73920
_d73920